Ľubietová - štruktúrno-vyhľadávacie vrty LU-1, LU-2 a LU-3

Bibliographic Details
Main Authors: Ilavský, Ján, 1922-1996 (Author), Vozárová, Anna, 1943- (Author), Vozár, Jozef, 1939- (Author)
Format: Book
Language:Slovak
PhysicalDescription:77 strán, XIII strán obrazových príloh fotografie, grafy, mapy 24 cm
Published: Bratislava Geologický ústav Dionýza Štúra 1994
ISBN:8085314320
Series:Regionálna geológia Západných Karpát
Subjects:

MARC

LEADER 00000cam a2200000 a 4500
001 vtls001078493
003 SK-MaSNL
005 20260301000756.0
008 240226s1994 xo odb frn 000 0 slo
015 |a SNBA1995/04 
020 |a 8085314320  |q (brožované) 
035 |a SNK000021328 
040 |a SNK  |b slo  |c SNK  |e AACR2 
041 0 |a slo  |b eng 
043 |a e-xo--- 
044 |a xo  |c SK 
072 7 |a 550  |x Geofyzika. Geochémia. Geobiológia. Užitá geológia  |2 konspekt 
080 |a 553(234.372.3)  |2 1981 
080 |a (437.642)  |2 2011 
080 |a 551.1/.4  |2 2011 
080 |a 550.822  |2 2011 
080 |a 550.8  |2 2011 
080 |a 551.243  |2 2011 
080 |a (048.8)  |2 2011 
080 |a (048.8:082)  |2 2011 
100 1 |a Ilavský, Ján,  |d 1922-1996  |4 aut  |9 41637 
245 1 0 |a Ľubietová - štruktúrno-vyhľadávacie vrty LU-1, LU-2 a LU-3  |c Ján Ilavský, Anna Vozárová, Jozef Vozár 
260 |a Bratislava  |b Geologický ústav Dionýza Štúra  |c 1994  |e Bratislava  |f Charis 
300 |a 77 strán, XIII strán obrazových príloh  |b fotografie, grafy, mapy  |c 24 cm 
366 |e 350 výtl. 
490 1 |a Regionálna geológia Západných Karpát  |v 29 
500 |a Vysvetlivky k fotografickým tabuľkám 
504 |a Bibliografia na strane 65-68 
546 |a Anglické resumé 
650 0 7 |a regionálna geológia  |2 SNKPH  |9 69839 
650 0 7 |a prieskumné vrty  |2 SNKPH  |9 50972 
650 0 7 |a geologický výskum  |2 SNKPH  |9 28923 
650 0 7 |a štruktúrna geológia  |2 SNKPH  |9 76660 
651 7 |a Ľubietová (Slovensko)  |2 SNKPHgeo  |9 76126 
655 7 |a štúdie  |2 SNKPH  |9 57033 
655 7 |a kolektívne monografie  |2 SNKPH  |9 249850 
700 1 |a Vozárová, Anna,  |d 1943-  |4 aut  |9 5212 
700 1 |a Vozár, Jozef,  |d 1939-  |4 aut  |9 143794 
830 0 |a Regionálna geológia Západných Karpát  |9 278224 
919 |a 80-85314-32-0 
954 |a odborná, vedecká literatúra pôvodná (slovenská)  |2 lita 
958 |a APR 
958 |a TL 
958 |a NB 
999 |c 533481  |d 535411 
952 |a SNK  |b SNK  |y VYP  |7 0  |p 17A0079557  |o snkSC 88024 D1  |0 0  |1 0  |4 0  |d 1997-07-09  |l 0  |r 2004-12-31 00:00:00  |w 2026-02-23 
952 |a SNK  |b SNK  |y PREZ  |7 0  |p 17A1013108  |o snkSC 88024  |i snkKSP 3741/95  |0 0  |1 0  |4 0  |d 2013-05-30  |f 1  |l 0  |r 2026-02-23 12:15:22  |w 2026-02-23